[Event "Heusenstamm Sparkassen op-A 3rd"]
[Site "Heusenstamm"]
[Date "2016.11.27"]
[Round "6"]
[White "Draxler, Gottfried"]
[Black "Karthik, Thrish"]
[Result "0-1"]
[WhiteElo "1829"]
[BlackElo "1689"]
[PlyCount "66"]
[EventDate "2016.11.24"]
[EventType "swiss"]
[EventRounds "7"]
[EventCountry "GER"]
[SourceTitle "EXT 2018"]
[Source "ChessBase"]
[SourceDate "2017.10.13"]
[SourceVersion "1"]
[SourceVersionDate "2017.10.13"]
[SourceQuality "1"]

1. c4 Nf6 2. g3 g6 3. Bg2 Bg7 4. Nc3 0-0 5. e3 d6 6. Nge2 Nc6 7. a3 Ne5 8. d3 Bf5 9. e4 Bg4 10. h4 Bf3 11. 0-0 c5 12. Bxf3 Nxf3+ 13. Kg2 Nd4 14. Be3 Nd7 15. f4 f5 16. Rb1 a5 17. b4 Nxe2 18. Nxe2 cxb4 19. axb4 a4 20. Bd4 e5 21. Bc3 Qc7 22. Ra1 fxe4 23. Qc2 Rfc8 24. Rfd1 exd3 25. Qxd3 Qc6+ 26. Qd5+ Qxd5+ 27. Rxd5 Nf6 28. Rb5 Rxc4 29. fxe5 Ne4 30. Ra3 Nxc3 31. Nxc3 Bxe5 32. Rxa4 Rf8 33. Nd1 Rc2+ 0-1